Agora! (Record no. 47552)

MARC details
000 -LÍDER
campo de controle de tamanho fixo 00923 a2200265 4500
001 - NÚMERO DE CONTROLE
campo de controle 47552
020 ## - ISBN - INTERNATIONAL STANDARD BOOK NUMBER
ISBN - International Standard Book Number 9788550404103
020 ## - ISBN - INTERNATIONAL STANDARD BOOK NUMBER
Informação qualificadora (broch.)
041 ## - CÓDIGO DE IDIOMA
Código do idioma do texto/trilha sonora ou título diferente por
082 ## - CDD - CLASSIFICAÇÃO DECIMAL DE DEWEY
Número de Classificação 028.5
040 ## - FONTE DA CATALOGAÇÃO
Instituição da catalogação original BR-BrIDEA
Instituição que transcreveu o registro BR-BrIDEA
090 ## - NÚMERO DE CHAMADA LOCAL
Número de chamada (OCLC) (R); Número de chamada, CALL (RLIN) (NR) A SK 028
Número Cutter local (OCLC); Número de classificação do livro, CALL (RLIN) BRE
100 ## - ENTRADA PRINCIPAL--NOME PESSOAL
Nome pessoal Brenman, Ilan
245 10 - TÍTULO
Título Agora!
Indicação de responsabilidade, etc. Ilan Brenman ; ilustrações de Guilherme Karsten
260 ## - PUBLICAÇÃO, DISTRIBUIÇÃO, ETC.
Local de publicação, distribuição, etc. São Paulo
Nome do editor, distribuidor, etc. SESI-SP
Data da publicação, distribuição, etc. 2017
300 ## - DESCRIÇÃO FÍSICA
Extensão 32 p.
Outros detalhes físicos il.
490 ## - TÍTULO DA SÉRIE
Título da série Quem lê sabe por quê?
520 ## - NOTA DE RESUMO, ETC
Resumo, etc. Esse livro que mostra a simultaneidade da vida de várias crianças ao redor do mundo. As diferenças de cada uma delas estão registradas com humor e leveza, e as diferenças de costumes, cultura e hábitos dos mais diversos países e povos marcadas com cores vivas.
521 ## - NOTA DO PÚBLICO ALVO
Nota de público alvo SK
697 ## - ENTRADA DE ASSUNTO LOCAL--ENTIDADE COLETIVA (RLIN)
Nome corporativo ou nome da jurisdição Literatura infantojuvenil
697 ## - ENTRADA DE ASSUNTO LOCAL--ENTIDADE COLETIVA (RLIN)
Nome corporativo ou nome da jurisdição Culturas.
700 ## - ENTRADA ADICIONADA - NOME PESSOAL
Nome pessoal Karsten, Guilherme
Função do autor por extenso ilustrador
856 ## - LOCALIZAÇÃO ELETRÔNICA E ACESSO
Uniform Resource Identifier <a href="00002c/00002c6e.jpg">00002c/00002c6e.jpg</a>
942 ## - ELEMENTOS DE ENTRADA ADICIONADOS (KOHA)
Tipo de material Koha Livros
Holdings
Situação do descarte Situação das perdas Situação física Não pode ser emprestado Biblioteca de origem Biblioteca atual Data de aquisição Total de empréstimos Número de chamada completo Código de barras Data de último acesso Data do preço efetivo Tipo de material Koha Fonte da classificação ou esquema de arquivamento na estante
        Colégio Anchieta - Aquarius Colégio Anchieta - Aquarius 21/11/2023   028.5 BRE AGO 6313/AQU 21/11/2023 21/11/2023 Livros  
        ECB - ÁGUAS CLARAS ECB - ÁGUAS CLARAS 22/10/2021   A SK 028 BRE 00055373AGC 23/01/2024 23/01/2024 Livros Classificação Decimal de Dewey